| 000 | 03412cam a2200493 i 4500 | ||
|---|---|---|---|
| 001 | 20435280 | ||
| 003 | NUST | ||
| 005 | 20220825110054.0 | ||
| 008 | 180406s2018 nyu b 001 0 eng | ||
| 010 | _a 2017056938 | ||
| 020 | _a9781610398107 (hardcover) | ||
| 020 | _z9781610398114 (ebook) | ||
| 038 | _aAzhar | ||
| 040 |
_aDLC _beng _cDLC _erda _dDLC |
||
| 042 | _apcc | ||
| 043 |
_an-usc-- _an-us-in _an-us-oh |
||
| 050 | 0 | 0 |
_aE185.925 _b.C64 2018 |
| 082 | 0 | 0 |
_a977.0496073 _223 _bCOX |
| 100 | 1 |
_aCox, Anna-Lisa, _eauthor. _993628 |
|
| 245 | 1 | 4 |
_aThe bone and sinew of the land : _bAmerica's forgotten black pioneers & the struggle for equality _cAnna-Lisa Cox. |
| 246 | 3 | 0 | _aAmerica's forgotten black pioneers and the struggle for equality |
| 250 | _aFirst edition. | ||
| 260 |
_aNew York : _bPublicAffairs, _c2018 |
||
| 300 |
_axviii, 280 pages ; _c24 cm |
||
| 336 |
_atext _btxt _2rdacontent |
||
| 337 |
_aunmediated _bn _2rdamedia |
||
| 338 |
_avolume _bnc _2rdacarrier |
||
| 504 | _aIncludes bibliographical references (pages 211-262) and index. | ||
| 505 | 0 | _a"Life, liberty" -- Interlude -- "The pursuit of happiness" -- "And secure the blessings of liberty." -- "To secure these rights, governments are instituted among men, deriving their just powers from the consent of the governed." -- "Burnt our towns, and destroyed the lives of our people." -- "The right of the people peaceably to assemble." -- "For taking away our charters, abolishing our most valuable laws, and altering fundamentally the forms of our governments" -- "A history of repeated injuries and usurpations." -- Conclusion. | |
| 520 | _a"The American frontier is one of our most cherished and enduring national images. We think of the early settlers who tamed the wilderness and built the bones of our great country as courageous, independent--and white. In this groundbreaking work of deep historical research, Anna-Lisa Cox shows that this history simply isn't accurate. In fact, she has found a stunning number of black settlements on the frontier--in the thousands. Though forgotten today, these homesteads were a matter of national importance at the time; their mere existence challenged rationalizations for slavery and pushed the question toward a crisis--one that was not resolved until the eruption of the Civil War. Blending meticulous detail with lively storytelling, Cox brings historical recognition to the brave people who managed not just to secure their freedom but begin a battle that is still going on today--a battle for equality."--Provided by publisher. | ||
| 563 | _aHB | ||
| 650 | 0 |
_aAfrican Americans _zNorthwest, Old _xHistory. _993629 |
|
| 650 | 0 |
_aAfrican Americans _zIndiana _xHistory _y19th century. _993630 |
|
| 650 | 0 |
_aAfrican Americans _zOhio _xHistory _y19th century. _993631 |
|
| 650 | 0 |
_aFrontier and pioneer life _zNorthwest, Old. _993632 |
|
| 650 | 0 |
_aFrontier and pioneer life _zIndiana. _993633 |
|
| 650 | 0 |
_aFrontier and pioneer life _zOhio. _993634 |
|
| 650 | 0 |
_aAfrican Americans _xSocial conditions _zNorthwest, Old. _993635 |
|
| 651 | 0 |
_aNorthwest, Old _xHistory _y1775-1865. _993636 |
|
| 651 | 0 |
_aNorthwest, Old _xRace relations. _993637 |
|
| 906 |
_a7 _bcbc _corignew _d1 _eecip _f20 _gy-gencatlg |
||
| 942 |
_2ddc _cLC |
||
| 999 |
_c590327 _d590327 |
||